Education Expenditures Quiz Stats

Quiz not verified by Sporcle

Also try: Continent Pairs
Challenge
Share
Tweet
Embed
Score 0/20 Timer 10:00
0 Plays Today
Percent of GDP Country % Correct
13.60%Cuba
72.2%
7.50%Iceland
61.1%
7.90%Denmark
44.4%
12.30%Marshall Islands
27.8%
10.30%Palau
27.8%
8.10%Maldives
27.8%
7.60%Comoros
27.8%
7.10%Cyprus
27.8%
17.80%Kiribati
22.2%
8.20%Moldova
22.2%
Percent of GDP Country % Correct
7.30%Micronesia
22.2%
7.20%Tunisia
22.2%
8.70%Djibouti
16.7%
8.10%Botswana
16.7%
9.40%Uzbekistan
11.1%
7.20%Burundi
11.1%
12.40%Lesotho
5.6%
9.90%Saint Kitts and Nevis
5.6%
7.90%Swaziland
5.6%
7.10%Timor-Leste
5.6%

You're not logged in!

Compare scores with friends on all Sporcle quizzes.
Join for Free
OR
Log In

You Might Also Like...

Show Comments

Extras

Top Quizzes Today


Score Distribution

Your Account Isn't Verified!

In order to create a playlist on Sporcle, you need to verify the email address you used during registration. Go to your Sporcle Settings to finish the process.

Report this User

Report this user for behavior that violates our Community Guidelines.

Details: